000 00582nam a2200181Ia 4500
008 151018s9999 xx 000 0 und d
082 _bRBASDV57801
_a891.461
100 _aमंगेश पाडगांवकर
245 _aसूर आनंदघन
250 _b2
260 _bपुणे प्रकाशन
_c2008
300 _a70
600 _aमंगेश पाडगांवकर
630 _aसूर आनंदघन
700 _aमंगेश पाडगांवकर
730 _aसूर आनंदघन
942 _cBOOK
999 _c1053066
_d1053063